[Event "Malaga-ch"]
[Site "Malaga"]
[Date "1998.??.??"]
[Round "4"]
[White "Lopez Sanchez, Antonio L"]
[Black "Romero Cantos, L."]
[Result "0-1"]
[WhiteElo "2020"]
[BlackElo "2000"]
[PlyCount "52"]
[EventDate "1998.??.??"]
[EventType "swiss"]
[EventRounds "8"]
[EventCountry "ESP"]
[SourceTitle "EXT 2003"]
[Source "ChessBase"]
[SourceDate "2002.11.25"]
[SourceVersion "1"]
[SourceVersionDate "2002.11.25"]
[SourceQuality "1"]

1. e4 d6 2. f4 e5 3. Nf3 Nd7 4. fxe5 dxe5 5. Nc3 Ngf6 6. Bc4 Bc5 7. h3 c6 8. d3 h6 9. a3 a5 10. Qe2 Nh5 11. Bxf7+ Kxf7 12. Nxe5+ Nxe5 13. Qxh5+ Ke6 14. Bf4 Qd4 15. 0-0-0 g6 16. Qxe5+ Qxe5 17. Bxe5 Kxe5 18. Rhf1 Be6 19. Ne2 Be3+ 20. Kb1 Rhf8 21. Nc1 Rf7 22. Rxf7 Bxf7 23. Rf1 Rf8 24. Rf3 Bg5 25. c3 Be7 26. Kc2 b5 0-1